000 00842nam a2200229Ii 4500
003 JO-AjNU
008 230605s9999||||xx |||||||||||||| ||und||
017 _a2005/12/2861
020 _a9957-18-102-5
040 _aJO-AjNU
_bara
_erda
_cJO-AjNU
041 _aara
050 1 4 _aTJ213.S2464 2005
100 3 _aالسالمي، علاء عبد الرزاق، م.شارك محمد عبد عبد العال النعيمي,
_eauthor
_962125
245 0 0 _aاتمتة المكاتب
250 _aط1
264 3 1 _aعمان: دار المناهج، 2005
300 _a302ص
336 _atext
_btxt
_2rdacontent
337 _aunmediated
_bn
_2rdamedia
338 _avolume
_bnc
_2rdacarrier
650 4 _aاتمتة المكاتب-معالجة النصوص-العمليات المكتبية-الحواسب-شبكات المعلومات
_962126
999 _aA28117
_c31685
_d31685